| 000 | 01479nmc a2200481 a 4500 | ||
|---|---|---|---|
| 003 | AR-BaBNM | ||
| 005 | 20251128205517.0 | ||
| 008 | 177119s1997 ||||||||||||||000 | spa|| | ||
| 020 | _a950-556-364-7 | ||
| 040 | _cAR-BaBNM | ||
| 245 | 1 | 0 | _aLa educación en las provincias [1945-1985] |
| 260 |
_aBuenos Aires _bGalerna _c1997 |
||
| 300 | 0 |
_a472 p. _btablas |
|
| 490 | 0 |
_aHistoria de la educación en la Argentina _vv. 7 |
|
| 504 | _aContiene bibliografía al final de cada capítulo | ||
| 650 | 4 | _aHISTORIA DE LA EDUCACION | |
| 650 | 4 | _aREFORMA DE LA EDUCACION | |
| 650 | 4 | _aESTADO Y EDUCACION | |
| 650 | 4 | _aDIDACTICA | |
| 651 | 4 | _aCórdoba | |
| 651 | 4 | _aChaco | |
| 651 | 4 | _aBuenos Aires [Provincia] | |
| 651 | 4 | _aArgentina | |
| 651 | 4 | _aEntre Ríos | |
| 651 | 4 | _aMisiones | |
| 651 | 4 | _aSanta Fe | |
| 651 | 4 | _aTucumán | |
| 651 | 4 | _aSalta | |
| 700 | 1 |
_aPuiggrós, Adriana _edirector |
|
| 700 | 1 |
_aOssanna, Edgardo _ecoordinador |
|
| 700 | 1 |
_aAscolani, Adrián A. _ecolaborador |
|
| 700 | 1 |
_aArtieda, Teresa Laura _ecolaborador |
|
| 700 | 1 |
_aAshur, Eduardo _ecolaborador |
|
| 700 | 1 |
_aBianchetti, Gerardo _ecolaborador |
|
| 700 | 1 |
_aFerreyra, Alba Noemí del Valle _ecolaborador |
|
| 700 | 1 |
_aGarcía, Amelia Beatriz _ecolaborador |
|
| 700 | 1 |
_aMas, Ethel _ecolaborador |
|
| 700 | 1 |
_aMoscatelli, Mirta _ecolaborador |
|
| 700 | 1 |
_aPinkasz, Daniel _ecolaborador |
|
| 700 | 1 |
_aRoitenburd, Silvia _ecolaborador |
|
| 942 | _cBK | ||
| 998 | _cSILVI | ||
| 999 |
_c11688 _d11688 |
||